| 000 | 01259nam a22001937a 4500 | ||
|---|---|---|---|
| 003 | JO-AjAnu | ||
| 005 | 20240605122244.0 | ||
| 008 | 240415b jo ||||| |||| 00| 0 ara d | ||
| 040 |
_aJO-AjAnu _bara _cJO-AjAnu |
||
| 041 | _aara | ||
| 100 | 1 |
_aبدو، جميلة فتحي علي _eمعد _965375 |
|
| 245 | 1 | 0 |
_aفعالية برنامج مستند على القصص التفاعلية الرقمية المتسلسلة الصامتة في تحسين مهارات التعبير الكتابي للطلبة ذوي صعوبات التعلم = The Effectiveness of a Program Based on Silent Sequential Interactine Digital Stories in Improving the Written Expression Skills of Students with Learning Disabilities / _cاعداد جميلة فتحي علي بدو ؛ اشراف محمد عمر ابو الرب |
| 260 | _c2023 | ||
| 300 | _a171 ورقة | ||
| 500 | _aرسالة جامعية ( رسالة ماجستير في صعوبات التعلم) - جامعة عجلون الوطنية ( عجلون، الاردن)، كلية العلوم التربوية، 2023 | ||
| 650 | 7 | 0 |
_aصعوبات التعلم - انشاء- تعلم وتعليم -تربية خاصة _965376 |
| 700 | 1 |
_aمحمد عمر أبو الرب _eمشرف _964717 |
|
| 942 |
_2lcc _cTHS _n0 |
||
| 999 |
_c33458 _d33458 |
||